000 00909nam a2200253Ia 4500
003 OSt
005 20221005113108.0
006 a|||||r|||| 00| 0
007 ta
008 221004b |||||||| |||| 00| 0 pan d
020 _a8187654121X (hbk)
_c250
024 _a5428
037 _b707, 14/06/2013, H.K. Prakashan
_cTextual
040 _aCRL
_cCRL
_bpan
041 _2pan
_apan
082 _aP153:3, P9.1-.2
100 _aਧੀਮਾਨ, ਹਰਬੰਸ ਸਿੰਘ
245 0 _aਵਿਹਾਰਕ ਪੰਜਾਬੀ ਭਾFਾ ਅਤੇ ਵਿਆਕਰਣ
260 _aਦਿੱਲੀ
_bਮਨਪ੍ਰੀਤ ਪ੍ਰਕਾFਨ ਭਾਰਤ
_c2010
300 _a186ਪੰ
_ccm.
650 _aਪੰਜਾਬੀ ਭਾFਾ
942 _hP153:3, P9.1-.2
_cTEXL
_2cc
999 _c1027032
_d1027032